|
|
|
|
| LEADER |
01254nam a22002537a 4500 |
| 001 |
33013 |
| 003 |
BD-DhAAL |
| 005 |
20180425141755.0 |
| 008 |
180422t2012 bg a|||| b||| 001 0 ben d |
| 999 |
|
|
|c 39280
|d 39280
|
| 020 |
|
|
|a 9848229752
|
| 041 |
|
|
|a BEN
|a ENG
|
| 082 |
|
|
|a 320.95492
|
| 100 |
|
|
|a হারুন-অর-রশিদ
|9 25680
|
| 245 |
|
|
|a বাংলাদেশের রাজনৈতিক উন্নয়ন : বঙ্গবন্ধু থেকে শেখ হাসিনা /
|c ড. হারুন-অর-রশিদ
|
| 246 |
|
|
|a Bangladesher Rajnoitik Unnayana :
|b Bangabandhu theke sheikh hasina
|
| 246 |
|
|
|a Political development of Bangladesh :
|b from bangabandhu to sheikh hasina
|
| 260 |
|
|
|a ঢাকা :
|b নিউ এজ পাবলিকেশন,
|c ২০১২
|
| 300 |
|
|
|a ১৫৪ পৃষ্ঠা :
|b ২১ সে. মি.
|
| 650 |
|
|
|a Political science
|9 25681
|
| 651 |
|
|
|a Bangladesh
|x Politics and government
|9 25682
|
| 852 |
|
|
|a Ayesha Abed Library
|c Bangabandhu Cornar
|
| 942 |
|
|
|2 ddc
|c BK
|
| 952 |
|
|
|0 0
|1 0
|2 ddc
|4 0
|6 320_954920000000000_HAR
|7 0
|9 63213
|a BRACUL
|b BRACUL
|c BNC
|d 2018-04-18
|e Development Book Agency
|g 212.50
|l 2
|m 3
|o 320.95492 HAR
|p 3010033013
|r 2023-02-13
|s 2023-02-06
|t 1
|v 250.00
|w 2018-04-18
|y BK
|